James Blunt - Back to Bedlam songs - Statistics

General Stats
  • This quiz has been taken 23 times
  • The average score is 8 of 15
Answer Stats
Answer % Correct
You're Beautiful
94%
Goodbye My Lover
88%
Wisemen
88%
High
82%
So Long Jimmy
76%
Billy
71%
Cry
71%
Tears and Rain
71%
No Bravery
65%
Out Of My Mind
59%
Dancing Days
18%
Standing All Alone
18%
Sugar-Coated
18%
Butterfly
12%
Close Your Eyes
12%
No matching quizzes found
Score Distribution
Percent of People with Each Score
Percentile by Number Answered
Your Score History
You have not taken this quiz